| 000 | 00554nam a22001577a 4500 | ||
|---|---|---|---|
| 005 | 2012020705385.0 | ||
| 020 |
_a8120319311 _c795.00 |
||
| 035 | _aB-62792 | ||
| 037 |
_aDPL _bENG |
||
| 100 |
_aBoyce, Jim _941038 |
||
| 245 |
_aMicrosoft outlook version 2002 inside out / _cby Jim Boyce |
||
| 260 |
_aNew Delhi _bPrentice-Hall of India _c2001 |
||
| 300 |
_axlix, 1203p. _c20 cms. |
||
| 942 |
_2ddc _cEN _h005.3 _mBOY |
||
| 999 |
_c62125 _d62125 |
||